000 00626njm a2200181 i 4500
001 C2-0218226
003 PPAK
005 20180729152112.0
008 990722s1990 my |||| ||||| | may d
040 _aPPAK
_beng
_cPPAK
_erda
245 0 0 _aArtifek yang ada di Sungai Emas
264 1 _aAlor Setar, Kedah :
_bPerbadanan Perpustakaan Awam Kedah ,
_c1990
336 _2rdacontent
_atext
337 _2rdamedia
_aunmediated
338 _2rdacarrier
_avolume
500 _aDirakam pada 24/3/90 di Balai Seni Negeri ; Ceramah ole En. Khamaruddin dari Muzium Arkeologi Lembah Bujang, Merbok ; Tiada transkripsi
942 _ddc
_cB
999 _c163137
_d163137